000 00704nab a2200253 a 4500
001 57231
003 128448
005 20201118103310.0
008 ||||||n9999 ||| || ||
041 _aspa
100 _aRibon A, Ana Maria
245 0 _aUna alternativa para el Guavio
260 _aBogotá :
_bServicio Nacional de Aprendizaje,
_c1996.
300 _app.31-35
562 _e0
650 _aCONDICIONES SOCIALES
650 _aDESARROLLO AGROPECUARIO
650 _aPOLÍTICA AGROPECUARIA
650 _aPROGRAMAS DE CAPACITACIÓN
650 _aSECTOR AGROPECUARIO
650 _aSERVICIO NACIONAL DE APRENDIZAJE - SENA
773 _057228
_aPrisma - No.54 (1996)
942 _cSART
999 _c57231
_d57231